000
00197nam a2200073Ia 4500
008
170817s9999 xx 000 0 und d
100
_a
Tripathi.Naresh.Chandra
245
0
_a
Shiksha Ke Nutan Ayam
260
_b
Agarwal Prakashan Agara
999
_c
39380
_d
39380